00821nam a22002177a 4500003000900000005001700009008004800026020001600074040002200090041001300112100003200125240006100157245015600218260003500374300003200409490002300441500004300464700003700507700003300544830002600577DO-SdBNP20180201104455.0160316b 1980 sp xxu||||| |||| 00| 0 spa d a8402075975  aBPMSUbspacBPMSU17aspaheng1 aAsimov, Isaac, d1920-1992.10aLucky Starr and the pirates of the asteroids.lEspañol10aLucky Starr : bLos piratas de los asteroides /cIsaac Asimov ; ilustraciones de María Teresa Cáceres ; traducción del inglés Ma. Teresa Segur. aBarcelona : bBruguera,c1980. a220, [1] p.:bil. ;c18 cm.1 aTodolibrov1664/30 aIncluye datos biográficos del autor. aCáceres, María Teresa,eil. 12aSegur, María Teresa, etr. 0pTodolibro ; n1664/30